00637nam a2200169 a 450000100100000000500170001000800410002702000180006804000250008610000310011124501160014226000630025830000210032150000580034250000370040050400300043700004534020201002050058.0150304s2014 pr 000 0 spa d a9789945581263 aDO-SdBNPbspacBNPHU1 aArroyo de Jesús, Frances10aÁngeles Cuarteados :balegoría del prostíbulo en el teatro Puertorriqueño /cFrances Arroyo de Jesús. aSan Juan, Puerto RicoaSanto Domingo :bIsla negra,c2014. a241 p. ;c22 cm. aIncluye datos biografícos de la autora en la solapa aIncluye notas a pie de páginas aBibliografía p: 231-241